01158nas a2200301 4500001001000000003000900010005001700019007000300036008003400039040005400073041000900127072000800136100001600144100002000160100001600180100002300196245011400219246011200333650002500445650001200470650001600482650001400498773011700512909004000629942001800669999001900687952015000706BR9214174BR-BrBNA20231205093558.0ta230509b bl.|||p| |||| 00| 00por d aBR-BrBNAbporcBiblioteca Nacional de Agricultura a(Pt) aL721 aBruno, T.V.1 aGuimaraes, J.H.1 aTucci, E.C.1 aSantos, A.M.M. dos1 aParasitoides associados a dipteros sinantropicos de granjas de aves de postura no estado de Sao Paulo, Brasil1 aParasitoids associated with synantropic diptera from laying chicken farms in the state of Sao Paulo, Brazil aGalinha para Postura aDiptera aParasitismo aSao Paulo0 tRevista Brasileira de Parasitologia Veterinaria (BrazilxISSN 0103-846Xg(Feb 1992), v. 1(1) p. 55-59wBR9214174 a202311bLúciac55dLúcia Elande 2AGRISn0cANA c139261d139261 002AGRIS4071a41918b41918cPeriódicos Agrícolash(Feb 1992), v. 1(1) p. 55-59l0r2023-11-29t01yCRePortaria Interministerial nº 164/94